000 00885nas a2200301Ia 4500
001 21
003 CO-MdFUSB
005 20170303154633.0
008 151030s9999 - 000 0 e d
022 _a0142-064X
037 _bSheffield Academic Press
040 _aCO-MdFUSB
_bspa
_cCO-MdFUSB
_dCO-MdFUSB
_erda
041 0 _aeng
_heng
245 1 0 _aJournal for the Study of the New Testament
_cSheffield Academic Press
260 _aSheffield
264 _aSouth Yorkshire, Inglaterra :
_bSheffield Academic Press
300 _aNúmero 26 - 68
_c24 cm.
310 _aNo aplica
_b1997
336 _2rdacontent
_a1
_ba1
337 _2rdamedia
_a2
_b5
338 _a2
362 _a1997 - 2004
546 _aTexto en inglés
650 _vPublicaciones seriadas
773 _dSheffield, Inglaterra : Sheffield Academic Press, 1997
810 _hRevista
942 _cCR
_2ddc
_a3
999 _c49495
_d49495